Labour welfare trade unionism and industrial relations (Record no. 10894)

MARC details
000 -LEADER
fixed length control field 00576cam a2200205ua 4500
008 - FIXED-LENGTH DATA ELEMENTS--GENERAL INFORMATION
fixed length control field 200222n ii |||gr||||Z||||||eng
020 ## - INTERNATIONAL STANDARD BOOK NUMBER
International Standard Book Number 9789350247402
040 ## - CATALOGING SOURCE
Transcribing agency MAIN
082 ## - DEWEY DECIMAL CLASSIFICATION NUMBER
Classification number 331
100 ## - MAIN ENTRY--PERSONAL NAME
Personal name S D Punekar,
Relator term
245 ## - TITLE STATEMENT
Title Labour welfare trade unionism and industrial relations
Statement of responsibility, etc. By S D Punekar and others
250 ## - EDITION STATEMENT
Edition statement 14th rep ed.
260 ## - PUBLICATION, DISTRIBUTION, ETC.
Place of publication, distribution, etc. Mumbai:
Name of publisher, distributor, etc. Himalaya publishing house,
Date of publication, distribution, etc. 2014.
300 ## - PHYSICAL DESCRIPTION
Extent 394p.
700 ## - ADDED ENTRY--PERSONAL NAME
Personal name S B Deodhar,
Relator term
700 ## - ADDED ENTRY--PERSONAL NAME
Personal name Saraswathi Sankaran,
Relator term
942 ## - ADDED ENTRY ELEMENTS (KOHA)
Koha item type Books
653 ## - INDEX TERM--UNCONTROLLED
Uncontrolled term Labor economics
Holdings
Withdrawn status Lost status Damaged status Not for loan Home library Current library Shelving location Date acquired Total Checkouts Full call number Barcode Date last seen Date last checked out Copy number Price effective from Koha item type
        Central Library, Naharkatiya College Central Library, Naharkatiya College General Stacks 19/09/2020 1 331 | PUN 24961 16/08/2025 12/08/2025 1 19/09/2020 Books

Naharkatiya College © 2020. All rights reserved.

Powered By